00289pam a2200121 a 4500020000500000041000500005082001300010100001600023245004900039250001100088260005600099300001200155 c h a320bNEL aNelson.B.R. aWestern Political ThoughthTextual Documents a2nd ed aNew DelhibPearson Education [Addison Wesley]c2009 aXVI/393